Defence from the skies : (Record no. 92539)

MARC details
000 -LEADER
fixed length control field 01094nam a22002657a 4500
005 - DATE AND TIME OF LATEST TRANSACTION
control field 20230920172032.0
010 ## - LCCN (DPL NO)
LC control number ENG-112517 ENG-137139
020 ## - INTERNATIONAL STANDARD BOOK NUMBER
International Standard Book Number 9789381904534
Terms of availability 880.00
035 ## - SYSTEM CONTROL NUMBER
System control number EN-96049 EN120671
037 ## - SOURCE OF ACQUISITION
Source of stock number/acquisition DBAD/PUB
082 ## - DEWEY DECIMAL CLASSIFICATION NUMBER
Classification number 358.400954
Edition number Second
100 ## - MAIN ENTRY--PERSONAL NAME
Personal name Jasjit Singh
245 00 - TITLE STATEMENT
Title Defence from the skies :
Statement of responsibility, etc by Jasjit Singh
Remainder of title Indian Air Force through 80 years /
246 ## - VARYING FORM OF TITLE
Title proper/short title Defence from the skies :
Remainder of title Indian Air Force through 80 years
246 ## - VARYING FORM OF TITLE
Title proper/short title Defence from the skies :
Remainder of title eighty years of the Indian Air Force
250 ## - EDITION STATEMENT
Edition statement 2nd ed
260 ## - PUBLICATION, DISTRIBUTION, ETC. (IMPRINT)
Place of publication, distribution, etc New Delhi
Name of publisher, distributor, etc KW Publishers in association with Centre for Air Power Studies
Date of publication, distribution, etc 2013
270 ## - ADDRESS
Address 4676/21, First Floor, Ansari Road, Daryaganj,
City New Delhi
Postal code 110002
300 ## - PHYSICAL DESCRIPTION
Extent xxix,300p.
Dimensions 24cm(Hb)
500 ## - GENERAL NOTE
General note Includes index
610 ## - SUBJECT ADDED ENTRY--CORPORATE NAME
Corporate name or jurisdiction name as entry element India.
Subordinate unit Indian Air Force
General subdivision History.
650 ## - SUBJECT ADDED ENTRY--TOPICAL TERM
Topical term or geographic name as entry element Aeronautics, Military
Geographic subdivision India
General subdivision History.
710 ## - ADDED ENTRY--CORPORATE NAME
Corporate name or jurisdiction name as entry element Centre for Air Power Studies (New Delhi, India),
Relator term issuing body.
9 (RLIN) 57201
942 ## - ADDED ENTRY ELEMENTS (KOHA)
Source of classification or shelving scheme Dewey Decimal Classification
Item type English Books
Call number suffix JAS
Classification part 358.400954
Edition Second
Holdings
Withdrawn status Lost status Not for loan Collection code Home library Current library Date acquired Source of acquisition Cost, normal purchase price Full call number Barcode Copy number Cost, replacement price Koha item type
    Not For Loan Non-fiction D.B.Act.Division D.B.Act.Division 26/03/2015 DBAD/PUB 1225.00 358.400954 JAS EN-96049 1 1225.00 English Books
      Non-fiction D.B.Act.Division Mobile Library 14/06/2023 DBAD/PUB 880.00 358.400954 JAS EN-120671 1 880.00 English Books

© Delhi Public Library
Hit Counter
free hit counter